000 00408nam a2200157Ia 4500
005 20250630115040.0
008 231207s9999 xx 000 0 und d
040 _cPK-LaNCA
082 _aMPH 808.888
_bSHO
100 _aShoaib Bin Hassan
245 0 _aAesthetics of incompleteness
260 _bIqbal Academy Pakistan
_aLahore
_c2006
300 _axi, 484p
650 _aProse writings
942 _cM.PHIL.
999 _c23555
_d23555